000
00248nam a2200097Ia 4500
001
724742
005
20250826163356.0
008
250824s9999 xx 000 0 und d
245
0
_a
BİR MUHTEŞEM GÜNEŞ
_c
KHALED HOSSEINI
260
_b
EVEREST YAYINLARI
999
_c
724742
_d
724742